Estudios sobre Derecho de la empresa en el Cd̤igo civil de Cataluą

Detalles Bibliográficos
Formato: eBook
Lenguaje:español
Publicado: Barcelona : J.M. Bosch Editor, 2013
Materias:
Acceso en línea:http://www.vlex.com/source/7281

MARC

LEADER 00000nam a22000007a 4500
005 20130226190746.0
007 cr|||| ||||
008 130226e2013 sp |||||s|||| 00||0 spa d
020 |a 978-84-940751-3-1 
035 |a 7281 
040 |a vLex 
090 |c 3780  |d 3780 
245 0 0 |a Estudios sobre Derecho de la empresa en el Cd̤igo civil de Cataluą  |h [Recurso electrn̤ico] 
256 |a Servicio en ln̕ea 
260 |a Barcelona :  |b J.M. Bosch Editor,   |c 2013 
300 |a 1 Recurso electrn̤ico 
650 0 4 |a Derecho foral de Cataluą 
650 0 4 |a Derecho foral 
650 0 4 |a Derecho civil catalǹ 
740 |a vLex Libros (Servicio en ln̕ea) 
856 |a Acceso restringido  |u http://www.vlex.com/source/7281 
942 |c BOOK 
999 0 |a Catalan law